| 000 | 00866 a2200193 4500 | ||
|---|---|---|---|
| 001 | 34295 | ||
| 005 | 20260407155631.0 | ||
| 008 | 260407a1958 arg spa d | ||
| 003 | AR-UNSa-BCEJYS | ||
| 040 |
_aAR-UNSa-BCEJYS _bspa _cAR-UNSa-BCEJYS |
||
| 080 |
_a658.01 _xMetodología. Teoría y práctica de la organización( teoria de la organización, análisis organizacional...) |
||
| 245 | 1 | 0 | _aLos elementos de la administración |
| 264 | 1 |
_aMéxico : _bHerrero Hermanos Sucesores _c1958 |
|
| 300 |
_a168 p. _c23 cm. |
||
| 505 | _a1. Naturaleza de la administración y esquema general de su análisis - 2. Vaticinio - 3. Planeamiento - 4. Organización y coordinación: principios - 5. Organización y coordinación: métodos - 6. Mando - 7. Control - 8. Conclusión. | ||
| 942 | _cBK | ||
| 590 | _aniveau_biblio:m niveau_hierar:0 | ||
| 100 | 1 | _aUrwick, Lyndall F. | |
| 999 |
_c2434 _d2434 |
||